000 00608nam a2200193Ia 4500
008 151121s9999||||xx |||||||||||||| ||und||
082 _a813-/मराठे
082 _bHNW-44177
100 _aमराठे सुशीला
245 _aराजाची रानी
260 _b"वसुधा प्रकाशन, मुंबई।"
260 _c--
300 _a147
600 _aमराठे सुशीला
630 _aराजाची रानी
700 _aमराठे सुशीला
730 _aराजाची रानी
942 _cBOOK
999 _c1231948
_d1231945